[Event "1st Lasker Memorial GM 2019"]
[Site "Anogia"]
[Date "2019.09.18"]
[Round "8.3"]
[White "Nikolaidis, Ioannis"]
[Black "Bronstein, Or"]
[Result "1/2-1/2"]
[WhiteElo "2530"]
[BlackElo "2404"]
[Annotator "ChessBase"]
[PlyCount "52"]
[EventDate "2019.09.11"]
[EventType "tourn"]
[EventCountry "GRE"]
[SourceTitle "playchess.com"]
[Source "ChessBase"]
[SourceQuality "1"]
[TimeControl "40/5400+30:1800+30"]

1. d4 {[%emt 0:00:00]} Nf6 {[%emt 0:00:00]} 2. c4 {[%emt 0:00:20]} g6 {[%emt 0:00:00]} 3. g3 {[%emt 0:01:26]} Bg7 {[%emt 0:03:14]} 4. Bg2 {[%emt 0:00:14]} O-O {[%emt 0:00:06]} 5. Nc3 {[%emt 0:00:42]} d6 {[%emt 0:00:05]} 6. Nf3 {[%emt 0:01:28]} c5 {[%emt 0:00:37]} 7. O-O {[%emt 0:01:34]} Nc6 {[%emt 0:01:00]} 8. dxc5 {[%emt 0:00:55]} dxc5 {[%emt 0:00:03]} 9. Bf4 {[%emt 0:00:23]} Nh5 {[%emt 0:04:27]} 10. Be3 {[%emt 0:03:01]} b6 {[%emt 0:00:41]} 11. Qc1 {[%emt 0:04:49]} Bb7 {[%emt 0:02:16]} 12. Rd1 {[%emt 0:01:34]} Qc8 {[%emt 0:00:40]} 13. Bh6 {[%emt 0:02:02]} Rd8 {[%emt 0:14:11]} 14. Nd5 {[%emt 0:25:18]} e6 {[%emt 0:13:02]} 15. Bxg7 {[%emt 0:02:48]} Kxg7 {[%emt 0:00:08]} 16. Qc3+ {[%emt 0:04:31]} Kg8 {[%emt 0:00:39]} 17. Nf6+ {[%emt 0:10:16]} Nxf6 {[%emt 0:00:15]} 18. Qxf6 {[%emt 0:00:03]} Qc7 {[%emt 0:13:18]} 19. Ng5 {[%emt 0:03:28]} Nd4 {[%emt 0:12:08]} 20. Bxb7 {[%emt 0:12:05]} Qxb7 {[%emt 0:00:22]} 21. e3 {[%emt 0:01:35]} Nc6 {[%emt 0:00:19]} 22. b3 {[%emt 0:06:22]} Qe7 {[%emt 0:03:23]} 23. Qxe7 {[%emt 0:00:12]} Nxe7 {[%emt 0:00:04]} 24. f4 {[%emt 0:00:13]} Nc6 {[%emt 0:04:40]} 25. Kf2 {[%emt 0:00:35]} h6 {[%emt 0:02:42]} 26. Ne4 {[%emt 0:01:03]} f5 {[%emt 0:03:44]} 1/2-1/2

[Event "1st Lasker Memorial GM 2019"]
[Site "Anogia"]
[Date "2019.09.18"]
[Round "8.5"]
[White "Beerdsen, Thomas"]
[Black "Hristodoulou, Panagiotis"]
[Result "1-0"]
[WhiteElo "2482"]
[BlackElo "2280"]
[Annotator "TA"]
[PlyCount "81"]
[EventDate "2019.09.11"]
[EventType "tourn"]
[EventCountry "GRE"]
[SourceTitle "playchess.com"]
[Source "ChessBase"]
[SourceQuality "1"]

{[%evp 14,81,-10,-35,-29,-41,-39,-35,-22,-24,-9,-19,-2,-16,0,-8,-8,-15,3,-8,0,-14,-8,-20,10,0,24,0,35,39,43,38,26,22,45,29,47,50,48,64,92,64,54,42,104,94,84,85,109,102,115,100,282,268,338,325,630,640,647,638,1275,1241,1455,1470,1357,1110,1079,1066,29997,-405]} 1. e4 Nf6 2. d3 d5 3. Nd2 e5 4. Ngf3 Nc6 5. Be2 Bc5 6. O-O O-O 7. c3 a5 8. Qc2 Re8 {C44: Ponziani Opening and Scotch Gambit} 9. h3 (9. Nb3 Be7 10. a4 h6 11. Re1 Be6 12. Bf1 Bf8 13. h3 Nh5 14. Be3 Qf6 15. exd5 Bxd5 16. Nbd2 {0-1 (35) Wohl,A (2370)-Gareyev,T (2606) Bhopal 2017}) 9... h6 10. Rd1 Bf8 {Black is slightly better.} 11. Nf1 Be6 12. Ng3 Qe7 $146 ({Predecessor:} 12... d4 13. c4 Nd7 {0-1 (40) Laudage,B (2075)-Humburg,J (1981) Ruhrgebiet 2003}) 13. Re1 g6 14. Be3 Bg7 15. Rad1 Rad8 16. Qa4 Qd7 17. Kh1 d4 18. Bd2 b5 19. Qc2 $1 Rb8 (19... Bxa2 $6 20. b3 $16) 20. Rc1 Rb6 (20... Bxa2 $6 21. b3 $16) 21. cxd4 exd4 22. b3 Ra8 23. Kg1 Kh7 24. Qb1 Ne8 25. Nh2 b4 26. f4 Nd6 27. Bf3 Nb5 28. f5 $1 {[%cal Rf5e6]} gxf5 (28... Nc3 $14 29. fxe6 Qd6 30. Bxc3 dxc3) 29. exf5 $16 (29. Nxf5 $6 Nc3 $11) 29... Bd5 30. Rc5 $36 {[%cal Bc1c5,Bc5h5,Bh5h6][%mdl 2080] White is on the roll.} Bxf3 31. Nxf3 ({Worse is} 31. gxf3 Rg8 $15) 31... Nc3 32. Qc1 a4 $2 {[#]} (32... Ne7 $16) 33. f6 $1 $18 {[%cal Rf6g7][%mdl 512]} Bxf6 34. Rh5 (34. Bxh6 Re8 $18) 34... Ne7 $2 (34... Kg8 35. Bxc3 (35. Bxh6 Re8 $18) (35. Rxh6 Nxa2 36. Qb2 Bg7 $16) 35... dxc3) 35. Rxh6+ ({Not} 35. Bxc3 dxc3 36. Qxh6+ Kg8 $18) 35... Kg8 {[#]} 36. Bg5 $1 {[%cal Rg5f6]} Ng6 {[#] next ...Bg7 is good for Black.} 37. Bxf6 $1 Rxf6 {[#]} 38. Qg5 $1 {[%mdl 512] Nh5 would kill now.} Re6 39. Nf5 {White wants to mate with Rh8+!} Rxe1+ 40. Nxe1 {Intending Rh8+! and mate.} Qe6 {[#]} 41. Rh8+ $1 {[%mdl 33344] Pin, Decoy, Clearance. Accuracy: White = 57%, Black = 30%. . Loss on time!?} 1-0

[Event "1st Lasker Memorial GM 2019"]
[Site "Anogia"]
[Date "2019.09.19"]
[Round "9.1"]
[White "Nikolaidis, Ioannis"]
[Black "Avramidou, Anastasia"]
[Result "1-0"]
[WhiteElo "2530"]
[BlackElo "2249"]
[Annotator "RC"]
[PlyCount "115"]
[EventDate "2019.09.11"]
[EventType "tourn"]
[EventCountry "GRE"]
[SourceTitle "playchess.com"]
[Source "ChessBase"]
[SourceQuality "1"]
[TimeControl "40/5400+30:1800+30"]

1. d4 {[%emt 0:00:00]} d5 {[%emt 0:00:00]} 2. c4 {[%emt 0:00:02]} e6 {[%emt 0:00:02]} 3. Nc3 {[%emt 0:00:25]} Nf6 {[%emt 0:00:18]} 4. cxd5 {[%emt 0:03:07]} exd5 {[%emt 0:00:11]} 5. Bg5 {[%emt 0:00:06]} c6 {[%emt 0:01:40]} 6. e3 {[%emt 0:00:03]} Be7 {[%emt 0:00:29]} 7. Qc2 {[%emt 0:00:33]} Nbd7 {[%emt 0:04:12]} 8. Bd3 {[%emt 0:01:04]} h6 {[%emt 0:03:34]} 9. Bh4 {[%emt 0:04:47]} Nh5 {[%emt 0:01:37]} 10. Bxe7 {[%emt 0:00:06]} Qxe7 {[%emt 0:00:12]} 11. Nge2 {[%emt 0:00:57]} Nhf6 {[%emt 0:02:02]} 12. O-O {[%emt 0:03:50]} O-O {[%emt 0:04:08]} 13. Ng3 {[%emt 0:00:29]} Re8 {[%emt 0:07:59]} 14. Rfe1 {[%emt 0:04:09]} Nb6 {[%emt 0:05:59]} 15. f3 {[%emt 0:05:04]} Be6 {[%emt 0:12:02]} 16. Qf2 {[%emt 0:06:56]} Rad8 {[%emt 0:03:18]} 17. Rad1 {[%emt 0:01:30]} a6 {[%emt 0:08:28]} 18. Rc1 {[%emt 0:09:44]} Nbd7 {[%emt 0:06:26]} 19. Na4 {[%emt 0:00:00]} b5 {[%emt 0:01:15]} 20. Nc5 {[%emt 0:00:00]} Nxc5 {[%emt 0:00:08]} 21. Rxc5 {[%emt 0:00:18]} Rc8 {[%emt 0:01:09]} 22. Rec1 {[%emt 0:10:44]} Qd6 {[%emt 0:13:06]} 23. Qc2 {[%emt 0:08:19]} Bd7 {[%emt 0:00:11]} 24. Nf5 {[%emt 0:04:19]} Qe6 {[%emt 0:08:59]} 25. Re1 {[%emt 0:08:44]} Nh5 {[%emt 0:08:31]} 26. Qf2 {[%emt 0:04:40]} Qf6 {[%emt 0:01:21]} 27. g4 {[%emt 0:07:51]} Rc7 {[%emt 0:02:58]} 28. Kf1 {[%emt 0:12:29]} Bxf5 {[%emt 0:00:51]} 29. Bxf5 {[%emt 0:00:08]} g6 {[%emt 0:01:09]} 30. Bxg6 {[%emt 0:00:45]} fxg6 {[%emt 0:00:50]} 31. gxh5 {[%emt 0:00:06]} gxh5 {[%emt 0:00:07]} 32. e4 {[%emt 0:02:27]} Rg7 {[%emt 0:01:49]} 33. e5 {[%emt 0:01:35]} Qe6 {[%emt 0:00:26]} 34. Ke2 {[%emt 0:00:41]} Ree7 {[%emt 0:00:04]} 35. Rcc1 {[%emt 0:00:23]} Rc7 {[%emt 0:01:07]} 36. Rg1 {[%emt 0:00:25]} c5 {[%emt 0:00:47]} 37. Rxc5 {[%emt 0:00:54]} Rxc5 {[%emt 0:00:20]} 38. Rxg7+ {[%emt 0:00:06]} Kxg7 {[%emt 0:00:11]} 39. Qg3+ {[%emt 0:00:14]} Kh7 {[%emt 0:00:06]} 40. dxc5 {[%emt 0:00:00]} Qf5 {[%emt 0:00:00]} 41. e6 {[%emt 0:13:44]} Qxe6+ {[%emt 0:03:47]} 42. Kd3 {[%emt 0:03:10]} h4 {[%emt 0:12:06]} 43. Qc7+ {[%emt 0:02:42]} Kg8 {[%emt 0:00:09]} 44. c6 {[%emt 0:04:05]} Qe1 {[%emt 0:06:12]} 45. Qd8+ {[%emt 0:00:52]} Kh7 {[%emt 0:00:10]} 46. Qd7+ {[%emt 0:01:37]} Kg6 {[%emt 0:00:56]} 47. Kd4 {[%emt 0:03:04]} Qf2+ {[%emt 0:03:08]} 48. Kxd5 {[%emt 0:01:13]} Qxf3+ {[%emt 0:00:22]} 49. Kc5 {[%emt 0:00:13]} Qf2+ {[%emt 0:00:13]} 50. Qd4 {[%emt 0:03:02]} Qxh2 {[%emt 0:00:29]} 51. Qe4+ {[%emt 0:02:24]} Kf6 {[%emt 0:07:00]} 52. Qd4+ {[%emt 0:00:10]} Kg6 {[%emt 0:00:04]} 53. Qd3+ {[%emt 0:00:09]} Kg5 {[%emt 0:01:47]} 54. Qd8+ {[%emt 0:00:20]} Kg6 {[%emt 0:01:21]} 55. c7 {[%emt 0:00:36]} Qf2+ {[%emt 0:00:32]} 56. Kc6 {[%emt 0:00:13]} Qg2+ {[%emt 0:01:04]} 57. Qd5 {[%emt 0:01:22]} Qg4 {[%emt 0:00:34]} 58. Qg8+ {[%emt 0:00:11]} 1-0

[Event "1st Lasker Memorial GM 2019"]
[Site "Anogia"]
[Date "2019.09.19"]
[Round "9.2"]
[White "Rozentalis, Eduardas"]
[Black "Alexakis, Dimitrios"]
[Result "1-0"]
[WhiteElo "2533"]
[BlackElo "2077"]
[Annotator "TA"]
[PlyCount "202"]
[EventDate "2019.09.11"]
[EventType "tourn"]
[EventCountry "GRE"]
[SourceTitle "playchess.com"]
[Source "ChessBase"]
[SourceQuality "1"]

{[%evp 10,202,10,5,18,25,32,14,18,-17,0,-8,0,0,66,66,70,64,58,62,62,55,45,26,36,0,0,0,0,0,0,0,0,0,34,38,48,51,79,74,87,92,78,88,82,91,118,130,123,124,149,141,129,130,292,287,259,274,370,368,365,349,362,366,398,397,416,407,407,407,403,394,398,403,376,338,368,363,358,298,281,285,303,276,389,333,326,325,308,309,288,249,398,397,370,306,359,349,383,331,290,0,378,381,402,363,392,316,308,308,383,324,384,393,443,444,500,482,1072,405,492,513,508,443,446,447,450,451,449,433,489,450,445,437,1558,1004,709,615,613,605,1070,1051,818,676,29963,29963,29954,29963,5378,1331,29966,29967,5181,4137,29971,29975,29967,29963,29981,29982,29982,29982,29983,29984,29988,29989,29988,29985,29985,29986,29991,29992,29992,29979,29980,29981,29983,29983,29985,29986,29986,29986,29988,29988,29987,29988,29988,29989,29989,29990,29990,29991,29993,29994,29996]} 1. e4 c5 2. Nf3 Nc6 3. Bb5 g6 4. Bxc6 bxc6 5. O-O Bg7 6. Re1 Rb8 {B31: Sicilian: 2...Nc6 3 Bb5 g6} (6... Nh6 7. c3 O-O 8. d4 cxd4 9. cxd4 d5 10. e5 f6 11. e6 Qd6 12. Qe2 c5 13. Nc3 Nf5 14. Nb5 Qb6 15. dxc5 Qxc5 16. Bf4 Ba6 17. a4 Qb4 {½-½ (59) Anand,V (2764)-Dubov,D (2700) Paris 2019}) 7. c3 Nf6 8. Qa4 Qb6 {The position is equal.} 9. Na3 Qa6 $146 ({Predecessor:} 9... O-O 10. d3 Qa6 11. Qc2 Rd8 12. e5 Nd5 13. Nc4 Qb7 14. Bg5 {½-½ (38) Neiksans,A (2561)-Kovalenko,I (2632) Palanga 2018}) 10. Qc2 d5 11. e5 Bf5 (11... Nd7 $11) 12. exf6 $14 Bxc2 13. fxg7 Rg8 {Hoping for ...Bd3.} 14. Nxc2 {[%cal Ba3c2,Bc2e3,Be3g4,Bg4f2,Bf2e4][%mdl 32]} Qd3 15. Ne3 {aiming for Ng4.} f6 16. Ng4 Kd8 $1 17. Re3 Qc2 18. Ne1 Qa4 $1 {[%cal Ra4g4]} 19. f3 h5 20. Nf2 $1 $36 {[%mdl 2048] White has the initiative.} c4 21. d3 Ke8 22. dxc4 dxc4 23. Re2 Rxg7 24. Be3 Rb5 25. Ne4 {[%mdl 1024] White has strong compensation.} Kf7 26. Bc5 Qa5 27. Ba3 Rg8 28. Nc2 Qb6+ 29. Ne3 Re5 30. Kf1 $1 Qb5 31. Rd1 g5 $2 (31... c5 $16) 32. Rd7 $18 Kg6 33. Rxe7 Rd8 34. Nd6 Rxd6 35. Bxd6 Rxe7 36. Bxe7 Qe5 {[#]} 37. Ng4 $1 Qf4 (37... hxg4 38. Rxe5) 38. Nxf6 Qxh2 39. Ne4 g4 40. Bd6 Qh1+ 41. Kf2 gxf3 42. Kxf3 h4 {intending ...h3.} 43. Nf2 Qb1 44. Bf4 Qxa2 45. Rd2 Qb1 46. Ne4 c5 (46... a5 $142 47. Rd6+ {[%mdl 64] Double Attack} Kf7 48. Rd7+ (48. Rxc6 Qd1+ 49. Kf2 Qc2+ 50. Nd2 Qxb2 $18) 48... Kg6) 47. Rd6+ Kf7 48. Ng5+ ({Weaker is} 48. Nxc5 Qf1+ 49. Ke4 Qf2 $16) 48... Ke7 {[#]} 49. Rd2 $1 Qf5 50. Ke3 a5 (50... Qg4 {might work better.} 51. Ne4 h3) 51. Ne4 {Black must now prevent Bg5+.} Qg4 52. Bd6+ Kf7 53. Bxc5 a4 54. Rf2+ Ke6 55. Rd2 Kf7 56. Bd6 Ke6 57. Bf4 Kf7 58. Ng5+ Ke7 59. Nf3 Ke6 60. Ne5 Qg8 61. Nxc4 Kf5 62. Nd6+ Kg4 63. Ne4 {White wants to mate with Nf6+.} Qf7 (63... Qf8 $142 64. Nf2+ Kf5 65. Rd5+ Ke6) 64. Be5 (64. Bb8 $142 Kh5 {[#]} 65. Rd5+ $3 {[%mdl 512]} Kh6 66. Rg5) 64... Qf1 65. Rf2 Qe1+ 66. Kd3 Qd1+ 67. Kc4 Qb3+ 68. Kd4 Qb6+ 69. Nc5 Qd8+ 70. Ke4 Qa8+ 71. Ke3 ({Don't play} 71. Kd4 Qd8+ 72. Kc4 Qb6 $18) 71... Qe8 (71... a3 $142 72. bxa3 Qxa3) 72. Nd3 Qe6 73. Rf4+ Kg5 74. Kf2 h3 75. gxh3 Qb6+ 76. Bd4 Qb5 77. Bf6+ Kh5 78. c4 Qb3 79. Ke3 Kg6 80. c5 Kf7 81. Bd4+ Ke6 82. c6 {White mates.} Qd1 83. c7 Kd7 84. Be5 Qg1+ 85. Kd2 Qg2+ 86. Kc3 Qg8 87. Rd4+ Ke7 88. Bd6+ Kd7 89. Bg3+ Ke7 90. Bh4+ Ke6 91. Rc4 Qc8 92. Bg3 Kf5 93. h4 Kg6 94. Rxa4 Kh7 95. Rd4 Qh8 96. Be5 Qe8 97. Rc4 Qc8 98. b4 {[%cal Bb2b4,Bb4b5,Bb5b6,Bb6b7][%mdl 32]} Kg6 99. b5 Kf7 100. b6 Ke6 {[#]} 101. b7 $1 Kd5 {Accuracy: White = 77%, Black = 41%.} (101... Qxb7 102. Nc5+) 1-0

[Event "1st Lasker Memorial GM 2019"]
[Site "Anogia"]
[Date "2019.09.19"]
[Round "9.3"]
[White "Beerdsen, Thomas"]
[Black "Alexakis, Georgios"]
[Result "1-0"]
[WhiteElo "2482"]
[BlackElo "2175"]
[Annotator "ChessBase"]
[PlyCount "47"]
[EventDate "2019.09.11"]
[EventType "tourn"]
[EventCountry "GRE"]
[SourceTitle "playchess.com"]
[Source "ChessBase"]
[SourceQuality "1"]
[TimeControl "40/5400+30:1800+30"]

1. e4 {[%emt 0:03:59]} c5 {[%emt 0:00:00]} 2. Nf3 {[%emt 0:00:05]} Nc6 {[%emt 0:00:00]} 3. c3 {[%emt 0:00:05]} Nf6 {[%emt 0:00:03]} 4. e5 {[%emt 0:00:05]} Nd5 {[%emt 0:00:07]} 5. d4 {[%emt 0:00:05]} cxd4 {[%emt 0:00:18]} 6. cxd4 {[%emt 0:00:06]} d6 {[%emt 0:01:17]} 7. exd6 {[%emt 0:00:54]} e6 {[%emt 0:01:26]} 8. Nc3 {[%emt 0:00:12]} Bxd6 {[%emt 0:01:24]} 9. Bd3 {[%emt 0:01:42]} Be7 {[%emt 0:02:34]} 10. O-O {[%emt 0:01:39]} O-O {[%emt 0:00:23]} 11. Re1 {[%emt 0:10:09]} Bf6 {[%emt 0:03:42]} 12. Bb1 {[%emt 0:11:29]} Qb6 {[%emt 0:06:05]} 13. Re4 {[%emt 0:10:55]} Rd8 {[%emt 0:05:59]} 14. Bg5 {[%emt 0:11:11]} Bxg5 {[%emt 0:08:38]} 15. Nxg5 {[%emt 0:00:54]} h6 {[%emt 0:04:45]} 16. Nxf7 {[%emt 0:04:55]} Kxf7 {[%emt 0:03:17]} 17. Qh5+ {[%emt 0:02:20]} Ke7 {[%emt 0:24:28]} 18. Nxd5+ {[%emt 0:12:57]} Rxd5 {[%emt 0:00:06]} 19. Qxd5 {[%emt 0:00:03]} Qxb2 {[%emt 0:00:05]} 20. Qc5+ {[%emt 0:00:05]} Kd7 {[%emt 0:01:27]} 21. d5 {[%emt 0:02:29]} Nd8 {[%emt 0:06:39]} 22. Re1 {[%emt 0:02:10]} Qxa1 {[%emt 0:03:07]} 23. dxe6+ {[%emt 0:00:04]} Nxe6 {[%emt 0:00:10]} 24. Rd1+ {[%emt 0:00:05]} 1-0

[Event "1st Lasker Memorial GM 2019"]
[Site "Anogia"]
[Date "2019.09.19"]
[Round "9.5"]
[White "Delchev, Aleksander"]
[Black "Bronstein, Or"]
[Result "1-0"]
[WhiteElo "2568"]
[BlackElo "2404"]
[Annotator "TA"]
[PlyCount "85"]
[EventDate "2019.09.11"]
[EventType "tourn"]
[EventCountry "GRE"]
[SourceTitle "playchess.com"]
[Source "ChessBase"]
[SourceQuality "1"]

{[%evp 9,85,12,28,23,20,18,29,19,46,19,20,8,8,12,29,28,32,27,62,64,79,78,81,60,70,66,60,60,67,70,83,87,91,91,91,91,93,91,92,92,91,92,99,92,95,91,112,33,108,93,111,92,158,164,177,166,151,140,133,131,201,188,196,200,379,366,356,332,527,491,725,710,700,708,772,769,756,748]} 1. c4 Nf6 2. Nc3 c5 3. Nf3 d5 4. cxd5 Nxd5 5. e3 Nxc3 6. bxc3 {A34: Symmetrical English: 2 Nc3, lines with ...d5} Qc7 7. d4 g6 8. Bb5+ {White has an edge.} Bd7 9. a4 Bg7 10. O-O O-O 11. Qe2 $146 ({Predecessor:} 11. h3 Rd8 12. Qe2 Nc6 13. Ba3 b6 14. dxc5 bxc5 15. Bxc5 {½-½ (114) Wang,H (2718)-Inarkiev,E (2692) Sharjah 2019}) 11... Nc6 12. Ba3 b6 13. Rfd1 $36 {[%mdl 2048] White has the initiative.} Bc8 14. dxc5 Na5 15. cxb6 axb6 16. Nd4 Rd8 17. Bb4 Bb7 18. Rab1 Be4 19. Rbc1 e5 20. Nf3 h6 21. Rxd8+ Rxd8 22. Rd1 Nb3 23. h3 Bf6 24. Rxd8+ Qxd8 25. Bc4 Na5 26. Nd2 Bc2 27. Bb5 e4 28. f3 (28. Qe1 $16) 28... Qc7 (28... Bd3 $14 29. Bxd3 exd3) 29. Nxe4 $16 Bxe4 30. fxe4 Bxc3 ({Better is} 30... Bg5) 31. Qc2 Be5 32. Qxc7 Bxc7 $18 {[%mdl 4096] Endgame KBB-KBN} 33. Bc3 Kf8 34. g4 Nb3 (34... Ke7 $16 35. Bg7 h5) 35. Bb4+ Kg7 36. Bc4 Na5 $2 {[#]} (36... Nc5 37. a5 Nxe4) 37. Bc3+ Kf8 38. Bd5 g5 (38... Bd8 $142 39. Bd4 f6) 39. e5 {White is clearly winning.} Ke7 (39... Bd8 $142 40. Bd4 Ke8) 40. Kf2 Bd8 41. Kf3 Ke8 42. Ke4 Be7 43. Kf5 {Accuracy: White = 80%, Black = 54%.} 1-0